| 000 | 00609nam a2200205Ii 4500 | ||
|---|---|---|---|
| 003 | JO-AjNU | ||
| 008 | 230605s9999||||xx |||||||||||||| ||und|| | ||
| 017 | _a2001/4/842 | ||
| 040 |
_aJO-AjNU _bara _erda _cJO-AjNU |
||
| 041 | _aara | ||
| 050 | 1 | 4 | _aQH366.A421 2002 |
| 100 | 3 |
_aالعنابي ، زهر, _eauthor _924473 |
|
| 245 | 0 | 0 | _aالانسان والطبيعة |
| 264 | 3 | 1 | _aاربد:دار المتنبي ، 2002 |
| 300 | _a196ص | ||
| 336 |
_atext _btxt _2rdacontent |
||
| 337 |
_aunmediated _bn _2rdamedia |
||
| 338 |
_avolume _bnc _2rdacarrier |
||
| 650 | 4 |
_aالبيئة والانسان _924474 |
|
| 999 |
_aA9019 _c12587 _d12587 |
||